书目信息 |
| 题名: |
卢浮宫的幕布之后
|
|
| 作者: | 若弗鲁瓦-施内特 著 ;皮凯蒂 , 赵飒 绘 | |
| 分册: | ||
| 出版信息: | 北京 东方出版社 2020.02 |
|
| 页数: | 239页 | |
| 开本: | 29cm | |
| 丛书名: | ||
| 单 册: | ||
| 中图分类: | G269.565 | |
| 科图分类: | ||
| 主题词: | 博物馆--bo wu guan--介绍--巴黎 | |
| 电子资源: | ||
| ISBN: | 978-7-5207-1239-2 | |
| 000 | 01177nam0 2200265 450 | |
| 001 | 0109110040 | |
| 005 | 20201109110333.0 | |
| 010 | @a978-7-5207-1239-2@b精装@dCNY158.00 | |
| 100 | @a20200713d2020 em y0chiy50 ea | |
| 101 | 1 | @achi@cfre |
| 102 | @aCN@b110000 | |
| 105 | @aa z 000yy | |
| 106 | @ar | |
| 200 | 1 | @a卢浮宫的幕布之后@Alu fu gong de mu bu zhi hou@f(法)贝雷尼丝·若弗鲁瓦-施内特著@g(法) 露西尔·皮凯蒂绘@g赵飒译 |
| 210 | @a北京@c东方出版社@d2020.02 | |
| 215 | @a239页@c图@d29cm | |
| 312 | @a封面有法文并列题名 | |
| 330 | @a卢浮宫是世界上最大的博物馆,更是一座充满故事的迷宫。身怀绝技的修复师、布景专家,深藏不露的木工、安保人员,兢兢业业的文物保管员、文化节目策划员,卢浮宫内的案头工作者和杜乐丽花园的园丁......藏在沉重安全门背后的防原子弹掩蔽室,管理着卢浮宫12000多把钥匙的“锁务”工作室,参观者永远找不到的暗门。 | |
| 606 | 0 | @a博物馆@Abo wu guan@x介绍@y巴黎 |
| 690 | @aG269.565@v5 | |
| 701 | 1 | @c(法)@a若弗鲁瓦-施内特@Aruo fu lu wa - shi nei te@c(Geoffroy-Schneiter, Berenice)@4著 |
| 702 | 1 | @c(法)@a皮凯蒂@Api kai di@c(Piketty, Lucile)@4绘 |
| 702 | 0 | @a赵飒@Azhao sa@4译 |
| 801 | 0 | @aCN@bBJSZM@c20201103 |
| 905 | @b1265041-5@dG269.565@e28@f5 | |
| 卢浮宫的幕布之后/(法)贝雷尼丝·若弗鲁瓦-施内特著/(法) 露西尔·皮凯蒂绘/赵飒译.-北京:东方出版社,2020.02 |
| 239页:图;29cm |
| ISBN 978-7-5207-1239-2(精装):CNY158.00 |
| 卢浮宫是世界上最大的博物馆,更是一座充满故事的迷宫。身怀绝技的修复师、布景专家,深藏不露的木工、安保人员,兢兢业业的文物保管员、文化节目策划员,卢浮宫内的案头工作者和杜乐丽花园的园丁......藏在沉重安全门背后的防原子弹掩蔽室,管理着卢浮宫12000多把钥匙的“锁务”工作室,参观者永远找不到的暗门。 |
| ● |
| 相关链接 |
|
|
|
|
正题名:卢浮宫的幕布之后
索取号:G269.565/28
 
预约/预借
| 序号 | 登录号 | 条形码 | 馆藏地/架位号 | 状态 | 备注 |
| 1 | 1265041 | 212650415 | 第一样本阅览室/ [索取号:G269.565/28] | 在馆 | |
| 2 | 1265042 | 212650424 | 教育系资料室/ [索取号:G269.565/28] | 在馆 | |
| 3 | 1265043 | 212650433 | 教育系资料室/ [索取号:G269.565/28] | 在馆 | |
| 4 | 1265044 | 212650442 | 第四借阅区/ [索取号:G269.565/28] | 在馆 | |
| 5 | 1265045 | 212650451 | 第四借阅区/ [索取号:G269.565/28] | 在馆 |